[Event "RSA-ch U08"]
[Site "Bloemfontein"]
[Date "2016.03.25"]
[Round "10"]
[White "Senekal, Frederick Petrus"]
[Black "Lombard, Duane"]
[Result "1-0"]
[WhiteElo "779"]
[BlackElo "675"]
[PlyCount "68"]
[EventDate "2016.03.20"]
[EventType "swiss"]
[EventRounds "11"]
[EventCountry "RSA"]
[SourceTitle "CBM 171 Extra"]
[Source "ChessBase"]
[SourceDate "2016.04.26"]
[SourceVersion "1"]
[SourceVersionDate "2016.04.26"]
[SourceQuality "1"]

1. e4 c5 2. Nf3 d6 3. d4 Nf6 4. dxc5 dxc5 5. Qxd8+ Kxd8 6. Nc3 g6 7. Bc4 Bg7 8. 0-0 Be6 9. Bxe6 fxe6 10. Bf4 h6 11. h3 g5 12. Be5 g4 13. hxg4 Rg8 14. Rad1+ Nbd7 15. Rfe1 Nxg4 16. Bxg7 Rxg7 17. Rd2 Ke8 18. Red1 Nde5 19. Nxe5 Nxe5 20. Kf1 Nc4 21. Re2 Nxb2 22. Rb1 Nc4 23. Rxb7 Rd8 24. Rxa7 Nd2+ 25. Ke1 Nc4 26. g3 Rg5 27. Kf1 Rh5 28. Kg1 Nb2 29. Re1 Rd2 30. Ra8+ Kf7 31. Rc1 e5 32. Rb8 Nc4 33. Ra1 Rxc2 34. Nb5 Rb2 1-0

[Event "RSA-ch U08"]
[Site "Bloemfontein"]
[Date "2016.03.24"]
[Round "9"]
[White "Lombard, Duane"]
[Black "Govender, Kaedan"]
[Result "0-1"]
[WhiteElo "675"]
[BlackElo "978"]
[PlyCount "48"]
[EventDate "2016.03.20"]
[EventType "swiss"]
[EventRounds "11"]
[EventCountry "RSA"]
[SourceTitle "CBM 171 Extra"]
[Source "ChessBase"]
[SourceDate "2016.04.26"]
[SourceVersion "1"]
[SourceVersionDate "2016.04.26"]
[SourceQuality "1"]

1. d4 Nf6 2. e3 e6 3. c3 d5 4. Bd3 Be7 5. Bd2 Nbd7 6. Nf3 b6 7. 0-0 Bb7 8. Qe2 0-0 9. b3 c5 10. dxc5 bxc5 11. c4 Rc8 12. cxd5 exd5 13. Ng5 g6 14. Qf3 Qc7 15. Qh3 h5 16. Na3 c4 17. Nb5 Qc5 18. bxc4 dxc4 19. Bxg6 fxg6 20. Qe6+ Kh8 21. Nf7+ Kg7 22. e4 Rxf7 23. Bh6+ Kg8 24. Rad1 Rc6 0-1

[Event "RSA-ch U08"]
[Site "Bloemfontein"]
[Date "2016.03.23"]
[Round "6"]
[White "Lombard, Duane"]
[Black "Peter, Noah"]
[Result "0-1"]
[WhiteElo "675"]
[BlackElo "663"]
[PlyCount "25"]
[EventDate "2016.03.20"]
[EventType "swiss"]
[EventRounds "11"]
[EventCountry "RSA"]
[SourceTitle "CBM 171 Extra"]
[Source "ChessBase"]
[SourceDate "2016.04.26"]
[SourceVersion "1"]
[SourceVersionDate "2016.04.26"]
[SourceQuality "1"]

1. e4 c5 2. Nf3 Nc6 3. Bc4 d6 4. 0-0 e6 5. d3 Nge7 6. Ng5 g6 7. Qf3 Ne5 8. Qf4 N5c6 9. Be3 h6 10. Qg3 Nb4 11. c3 Nc2 12. Nd2 Nxa1 13. Rxa1 0-1

[Event "RSA-ch U08"]
[Site "Bloemfontein"]
[Date "2016.03.22"]
[Round "5"]
[White "Huisamen, De Villiers"]
[Black "Lombard, Duane"]
[Result "0-1"]
[WhiteElo "622"]
[BlackElo "675"]
[PlyCount "52"]
[EventDate "2016.03.20"]
[EventType "swiss"]
[EventRounds "11"]
[EventCountry "RSA"]
[SourceTitle "CBM 171 Extra"]
[Source "ChessBase"]
[SourceDate "2016.04.26"]
[SourceVersion "1"]
[SourceVersionDate "2016.04.26"]
[SourceQuality "1"]

1. e4 e6 2. Nf3 d5 3. Nc3 Nf6 4. exd5 exd5 5. g3 g6 6. Bg2 Bg7 7. 0-0 0-0 8. d3 d4 9. Ne2 c5 10. Bg5 Nbd7 11. Bxf6 Nxf6 12. c3 b5 13. cxd4 cxd4 14. Re1 Bf5 15. Ne5 Rb8 16. Nc6 Qc7 17. Nxb8 Qxb8 18. Qc1 Qd6 19. Nf4 a6 20. Qb1 Bh6 21. Ne2 Qd7 22. Nc1 Bh3 23. Bxh3 Qxh3 24. Ne2 Ng4 25. Nxd4 Qxh2+ 26. Kf1 Qxf2# 0-1

[Event "RSA-ch U08"]
[Site "Bloemfontein"]
[Date "2016.03.20"]
[Round "1"]
[White "Louw, Phillipus Stephanus"]
[Black "Lombard, Duane"]
[Result "0-1"]
[WhiteElo "775"]
[BlackElo "675"]
[PlyCount "46"]
[EventDate "2016.03.20"]
[EventType "swiss"]
[EventRounds "11"]
[EventCountry "RSA"]
[SourceTitle "CBM 171 Extra"]
[Source "ChessBase"]
[SourceDate "2016.04.26"]
[SourceVersion "1"]
[SourceVersionDate "2016.04.26"]
[SourceQuality "1"]

1. e4 e6 2. Qf3 d5 3. Nh3 Nf6 4. Bd3 g6 5. e5 Ne4 6. Nc3 Ng5 7. Nxg5 Qxg5 8. h4 Qe7 9. 0-0 Bg7 10. Re1 0-0 11. a4 Nc6 12. g3 Nxe5 13. Qe2 a6 14. a5 d4 15. Ne4 Nxd3 16. Qxd3 b6 17. axb6 cxb6 18. Ng5 Bb7 19. Qa3 Qd7 20. Qa4 Qc7 21. d3 b5 22. Qb4 Qc6 23. Bf4 Qg2# 0-1